000
00298nam a22001337a 4500
020
_a
978-8178359823
041
_a
ENG
100
_a
Verma.K.C
245
_a
The Art Of Communication
260
_a
delhi
_b
Kalpaz Publications
_c
2019
300
_a
245
650
_a
English
856
_u
Compuetitive Exam
999
_c
19
_d
19